Ramakrishna Mission and Its Contribution Towards harmonious Inter-Faith Relations: An Appraisal (Record no. 21209)

MARC details
000 -LEADER
fixed length control field 00356nam a22001217a 4500
082 ## - DEWEY DECIMAL CLASSIFICATION NUMBER
Classification number 294.555 GEO
100 ## - MAIN ENTRY--AUTHOR NAME
Author name George, C.H.
245 ## - TITLE STATEMENT
Title Ramakrishna Mission and Its Contribution Towards harmonious Inter-Faith Relations: An Appraisal
260 ## - PUBLICATION, DISTRIBUTION, ETC. (IMPRINT)
Place of publication Hyderabad
Name of publisher Henry Martyn Institute
Year of publication 2018
300 ## - PHYSICAL DESCRIPTION
Number of Pages 95
650 ## - SUBJECT ADDED ENTRY--TOPICAL TERM
Topical Term Ramakrishna Mission
942 ## - ADDED ENTRY ELEMENTS (KOHA)
Koha item type Thesis
Holdings
Home library Current library Shelving location Date acquired Source of acquisition Full call number Accession Number Koha item type
Henry Martyn Institute Library Henry Martyn Institute Library General stacks 07/18/2018 C.H. George (M.Th student) 294.555 GEO 11-3684 Thesis
                   Copyright © 2026 | Henry Martyn Institute | Hyderabad | TS-500052 | INDIA | Implemented by hmi.edu.in
Hit-Count:

Powered by Koha